| 000 | 00817nam a2200193 4500 | ||
|---|---|---|---|
| 001 | 109939 | ||
| 003 | ES-MaACL | ||
| 005 | 20230906184939.0 | ||
| 007 | t| | ||
| 008 | 061121s1953 mr r ||||1| spa d | ||
| 100 | 1 |
_aIbn Azzuz HaKim, Mohammad. _965006 |
|
| 245 | 1 | 0 |
_aInventario provisional de la Hemeroteca del Protectorado (Sección Arabe) / _credactado por Mohammad Ibn Azzuz Haquim. |
| 260 |
_aTetuán : _bEditora Marroquí, _c1953. |
||
| 300 |
_a77 h. ; _c22 cm. |
||
| 500 | _aTexto en español y árabe. | ||
| 500 | _aPrecede al tít.: Alta Comisaria de España en Marruecos. Delegación de Educación y Cultura. Dirección de Archivos y Bibliotecas del Protectorado. | ||
| 710 | 1 |
_aMarruecos (Protectorado Español). _bDelegación de Educación y Cultura. _95652 |
|
| 852 |
_aES-MaACL _jC-11325 _bR.38822 |
||
| 999 |
_c109939 _d109939 |
||